000 00850cam a2200229 4500
008 000000n2000 000 0 eng u
035 _a(Sirsi) u107729
245 _aLease structure holds back growth
260 _c2000
490 _aYorkshire Post
_v10 August 2000, 19(1)
520 _aRecent research by MWB Business Exchange and Reading University reveals that many businesses feel that the UK property market fails to meet their needs and that the lease structure is substantially out of touch with occupiers' requirements.
590 _aWB
650 _aLEASES
650 _aPROPERTY-COMMERCIAL PROPERTY
650 _aREQUIREMENTS
650 _aOCCUPIERS
650 _aMANAGEMENT-BUSINESS MANAGEMENT
650 _aMWB BUSINESS EXCHANGE
650 _aREADING UNIVERSITY
690 _aMANAGEMENT-BUSINESS MANAGEMENT
942 _n0
999 _c64352
_d64352